000 00757nas a2200253Ia 4500
001 R522/E9716
003 IT-RoPAU
008 151124c99999999xx |||||||||||| ||und||
040 _aIT-RoPAU
040 _cIT-RoPAU
041 _aITALIANO
100 _aAA.VV.
_gCodice Aut. SPICS: 12000
210 _aCOLORS
222 _aColors
245 _aCOLORS, N.024 (GENNAIO/FEBBRAIO 1998)
_bColors, N.024 (Gennaio/Febbraio 1998)
250 _a1a ed.
260 _aTREVISO
_bCOLORS
_c1998
501 _bPaulus - SPICS - Società San Paolo EM (non-commercial uses only)
_cCopyright2015
300 _a100 p.
310 _aBIMESTRALE
362 _aN.024 (GENNAIO/FEBBRAIO 1998)
650 _aPUBBLICITA' - MARKETING
_vPUBBLICAZIONE PERIODICA
942 _cCR
999 _c189301
_d189301